DSDM, dynamic systems development method : the method in practice
Αποθηκεύτηκε σε:
| Κύριος συγγραφέας: | |
|---|---|
| Μορφή: | Βιβλίο |
| Γλώσσα: | English |
| Δημοσίευση: |
Harlow, England :
Addison-Wesley,
c1997
|
| Θέματα: | |
| Ετικέτες: |
Προσθήκη ετικέτας
Δεν υπάρχουν, Καταχωρήστε ετικέτα πρώτοι!
|
MARC
| LEADER | 00000nam a2200000 i 4500 | ||
|---|---|---|---|
| 001 | 1/93162 | ||
| 008 | 991118s1997 eng d | ||
| 020 | |a 0-201-17889-3 | ||
| 035 | |l 10054314 | ||
| 040 | |a GR-MY-UA |b gre |e aacr | ||
| 041 | 0 | |a eng | |
| 082 | 0 | |a 005.11 | |
| 100 | 0 | |a Stapleton, Jennifer. | |
| 245 | 1 | 0 | |a DSDM, dynamic systems development method : |b the method in practice / |c Jennifer Stapleton |
| 260 | |a Harlow, England : |b Addison-Wesley, |c c1997 | ||
| 300 | |a xviii, 163 p. | ||
| 504 | |a Includes index | ||
| 650 | 0 | 0 | |a Computer software |x Development. |
| 650 | 0 | 0 | |a System design. |
| 852 | |a INST |b CHIOS |e 19991118 |h 005.11 STA |p 005200019562 |q 005200019562 |t BK |y 0 | ||
| 901 | |a BIBL2-1999-3 | ||
| 909 | |a Χ |b 070142 | ||
| 922 | |a 2ΕΛΗ |b 199911 |c ΤΝΕΥ |d ΠΑΠΑΣΩΤΗΡΙΟΥ | ||
| 950 | |a 125-1999-07-15 | ||
| 970 | |a ΣΑΛΑΜΟΥΡΑ |b ΜΑΡΙΑ |z 1999/11/22 | ||